Kirti`s A text Book on Complex Variables & Numerical Methods (Record no. 17716)

MARC details
000 -LEADER
fixed length control field 00404nam a2200145Ia 4500
008 - FIXED-LENGTH DATA ELEMENTS--GENERAL INFORMATION
fixed length control field 221030s9999 xx 000 0 und d
041 ## - LANGUAGE CODE
Language code of text/sound track or separate title
100 ## - MAIN ENTRY--AUTHOR NAME
Personal name B. Singh
245 #0 - TITLE STATEMENT
Title Kirti`s A text Book on Complex Variables & Numerical Methods
Statement of responsibility, etc by B. Singh, K. J. Kour
260 ## - PUBLICATION, DISTRIBUTION, ETC. (IMPRINT)
Name of publisher Kiriti Publishers
Place of publication JAMMU
Year of publication 2017
300 ## - PHYSICAL DESCRIPTION
Number of Pages 384
650 ## - SUBJECT ADDED ENTRY--TOPICAL TERM
Topical Term BB Mathematics
700 ## - ADDED ENTRY--PERSONAL NAME
Personal name K. J. Kour
942 ## - ADDED ENTRY ELEMENTS (KOHA)
Koha item type Books
Holdings
Accession Number Cost, normal purchase price Source of acquisition Price effective from Koha item type Withdrawn / writtenoff status Materials specified (bound volume or other part) Damaged status Not for loan Permanent Location Current Location Shelving location Date acquired Lost/ Missing status department
BB 850 390.00 Complimentary 10/30/2022 Books   Print     MIET Library, Jammu MIET Library, Jammu BL-Academic Block B, FL-2, CUP-47, SH-3, R-3 04/26/2017   BB
BB 851 390.00 Complimentary 10/30/2022 Books   Print     MIET Library, Jammu MIET Library, Jammu BL-Academic Block B, FL-2, CUP-47, SH-3, R-3 04/26/2017   BB
BB 852 390.00 Complimentary 10/30/2022 Books   Print     MIET Library, Jammu MIET Library, Jammu BL-Academic Block B, FL-2, CUP-47, SH-3, R-3 04/26/2017   BB